[Event "Novosibirsk"]
[Site "Novosibirsk"]
[Date "1993.??.??"]
[Round "2"]
[White "Akopian, Vladimir Eduardovic"]
[Black "Goldin, Alexander"]
[Result "1/2-1/2"]
[WhiteElo "2615"]
[BlackElo "2555"]
[Annotator "Chekhov,V"]
[PlyCount "69"]
[EventDate "1993.06.??"]
[EventType "tourn"]
[EventRounds "11"]
[EventCountry "RUS"]
[EventCategory "14"]
[SourceTitle "CBM 036"]
[Source "ChessBase"]
[SourceDate "1993.10.01"]
[SourceVersion "1"]
[SourceVersionDate "1993.10.01"]
[SourceQuality "1"]

1. d4 Nf6 2. c4 e6 3. Nc3 Bb4 4. Qc2 c5 5. dxc5 Na6 6. a3 Qa5 7. Bd2 Nxc5 8.
Nf3 (8. Rb1 Bxc3 9. Bxc3 Qa4 10. b3 (10. Qxa4 Nxa4 11. Bd2 Ne4 $1 $10) 10...
Qxa3 11. f3 d5 12. b4 Na4 13. Bxf6 gxf6 $10) (8. Rd1 Bxc3 9. Bxc3 Qa4 10. Qxa4
Nxa4 11. Be5 b6 12. e3 Ba6 13. b3 Nc5 14. b4 Na4 $1 15. Nf3 Rc8 16. Nd2 d5 $1
$13) (8. e4 Bxc3 9. Bxc3 Qa4 10. Qxa4 Nxa4 11. e5 Ne4 (11... Nxc3 12. exf6 Na4
13. fxg7 Rg8 14. b3 Nc3 15. b4 Na4 $14) 12. Bd4 Nec5 13. O-O-O Nb3+ 14. Kc2
Nxd4+ 15. Rxd4 $14) (8. b3 $5 O-O {Yudasin,L-Korchnoi,V Pamplona 1990/} 9. Ra2
$1 Bxc3 10. Bxc3 Qd8 11. f3 $1 $14 {Yudasin Inf 51/555/}) (8. O-O-O $6 Bxc3 9.
Bxc3 Qa4 $1 $10) (8. Rc1 Bxc3 9. Bxc3 Qa4 10. b4 Qxc2 11. Rxc2 Na4 12. Bd4 b6
13. e3 Ke7 (13... d6 14. f4 a5 15. Nf3 Ba6 16. Be2 Ke7 17. O-O Rhc8 18. Rfc1
$14 {Flear,G-Arkell,S Dublin 1991 Inf 51/556/}) 14. Bd3 Ba6 15. Ne2 Rhc8 16.
O-O Rc7 17. Rfc1 Rac8 18. e4 $14 {Flear,G-Franco,Z Palma de Mallorca 1991/})
8... d6 (8... Bxc3 9. Bxc3 Qa4 10. Qxa4 Nxa4 11. Be5 d6 12. Bxd6 Ne4 (12...
Nxb2 13. e3 Na4 14. Bd3 Nd7 15. O-O Nac5 16. Bc2 f6 17. a4 b6 18. Nd4 Kf7 19.
Rfb1 $14 {Peicheva,E-Fishdik,G Novi Sad 1990 Inf 51/557/}) 13. Be5 f6 14. b3
fxe5 15. bxa4 O-O 16. g3 Nxf2 17. Kxf2 e4 18. Ke3 exf3 19. exf3 Bd7 20. Bh3 $14
) 9. Nb5 Bxd2+ 10. Nxd2 Qd8 $5 $146 (10... Qb6 11. b4 Ncd7 12. Rd1 (12. Qd3 Ke7
13. Nf3 a6 14. Nc3 a5 $132) 12... a6 13. Nc3 Qc6 14. e4 O-O 15. Be2 b6 16. O-O
Bb7 17. Qd3 $14 {Gurevich,M-Korchnoi,V Amsterdam 1991 Inf 51/557/}) 11. b4 a6
12. Nc3 (12. bxc5 axb5 13. cxb5 (13. cxd6 Qxd6 14. cxb5 O-O $44) 13... O-O $1
$44) 12... Ncd7 13. g3 Qc7 14. Bg2 Ne5 15. Qb3 Bd7 $15 16. O-O O-O (16... Rc8
17. Rac1) 17. Rac1 Rac8 18. Na2 Bc6 19. e4 $1 (19. Bxc6 Qxc6 $15) 19... b5 20.
Qe3 (20. cxb5 axb5 21. Qe3 Qb7 {/\Nb3 Nc4/}) 20... Qb7 21. c5 dxc5 22. Rxc5
Nfd7 23. Rc3 Nb6 (23... Qb6 $5) 24. Nc1 Na4 25. Rc2 Bd7 26. Rxc8 Rxc8 27. Ncb3
Nc4 (27... Rc3 $5 28. Qd4 Nc6 29. Qd6 e5) 28. Nxc4 bxc4 29. Nd4 (29. Na5 Qb6 $5
(29... Qc7 $5)) 29... Qb6 (29... e5 30. Nc2) 30. Rc1 Bb5 31. Bf1 h6 32. Nc2
Qxe3 33. Nxe3 c3 34. Bxb5 axb5 35. Kf1 (35. Kf1 Kf8 36. Ke2 Ke7 $15) 1/2-1/2

[Event "Belgrade"]
[Site "Belgrade"]
[Date "1993.??.??"]
[Round "1"]
[White "Mozetic, Dejan"]
[Black "Tiviakov, Sergei"]
[Result "1-0"]
[WhiteElo "2580"]
[BlackElo "2635"]
[Annotator "Chekhov,V"]
[PlyCount "78"]
[EventDate "1993.??.??"]
[EventType "tourn"]
[EventRounds "9"]
[EventCountry "YUG"]
[EventCategory "16"]
[SourceTitle "CBM 039"]
[Source "ChessBase"]
[SourceDate "1994.04.01"]
[SourceVersion "1"]
[SourceVersionDate "1994.04.01"]
[SourceQuality "1"]

1. d4 Nf6 2. c4 e6 3. Nc3 Bb4 4. Qc2 c5 5. dxc5 Bxc5 6. Nf3 Qb6 7. e3 Qc7 8. b3
(8. a3 a6 9. Bd3 Be7 10. O-O d6 11. b4 b6 12. Bb2 Bb7 13. Qe2 Nbd7 14. h3 $1
$14 {Sherbakov,R-Gurevich,M/Helsinki/1992/ 1:0 (33) Inf 55/550/}) 8... a6 9.
Bb2 Be7 (9... b6 10. Bd3 Bb7 11. Ne4 Be7 12. Nxf6+ Bxf6 13. Bxf6 gxf6 14. Be4
Nc6 15. Qc3 Ke7 16. O-O-O d6 17. Rd2 h5 18. Rhd1 Rad8 19. Kb2 h4 20. h3 Rh5 $13
{Sjeberg,M-Atalik,S/Borsodtavho/1991/ Inf 56/628/}) 10. g4 d6 $146 (10... Nxg4
$2 11. Rg1 Nxh2 (11... Ne5 12. Nxe5 Qxe5 13. Nd5) 12. Nxh2 Qxh2 13. Rxg7 Bf6
14. Ne4 $1 $16) (10... h6 $5 11. Rg1 Nc6 12. h4 h5 13. gxh5 Nxh5 14. Be2 $14 {
Nogueiras,J-Korchnoi,V/Zagreb/1987/ 1:0 (28) Inf 44/683/}) 11. O-O-O Nc6 $6 (
11... h6 $5) 12. g5 Nd7 13. Nd5 $1 exd5 14. cxd5 Nde5 15. Nxe5 dxe5 16. dxc6
Bg4 17. Bg2 $1 $16 Bxd1 18. Rxd1 Rd8 $8 19. Rxd8+ Bxd8 (19... Kxd8 $5 20. cxb7
Qxc2+ 21. Kxc2 Bd6) 20. f4 exf4 $6 (20... f6 $5 21. fxe5 (21. gxf6 gxf6 22.
fxe5 fxe5 23. Qf5) 21... fxg5 22. cxb7 Qxc2+ 23. Kxc2 Bc7) 21. Bxg7 Rg8 22.
Qxh7 Rxg7 23. Qxg7 fxe3 24. g6 $1 $18 fxg6 25. Qxg6+ Kf8 26. Qh6+ Kf7 27. Bd5+
Ke7 28. Qxe3+ Kd6 29. Qe6+ Kc5 30. cxb7 Qf4+ 31. Kb1 Qf1+ 32. Kb2 Bf6+ 33. Ka3
Qc1+ 34. Ka4 Qf4+ 35. Qe4 Qxe4+ 36. Bxe4 Be5 37. h4 Kb6 38. h5 Kc7 39. Kb4 Kb6
1-0

[Event "Gausdal Int"]
[Site "Gausdal"]
[Date "1991.??.??"]
[Round "9"]
[White "Remlinger, Larry"]
[Black "Chekhov, Valery A"]
[Result "0-1"]
[WhiteElo "2370"]
[BlackElo "2525"]
[Annotator "ChessBase"]
[PlyCount "84"]
[EventDate "1991.08.??"]
[EventType "swiss"]
[EventRounds "9"]
[EventCountry "NOR"]
[SourceTitle "CBM 025"]
[Source "ChessBase"]
[SourceDate "1991.12.01"]
[SourceVersion "1"]
[SourceVersionDate "1991.12.01"]
[SourceQuality "1"]

1. d4 Nf6 2. c4 e6 3. Nc3 Bb4 4. Qc2 c5 5. dxc5 Na6 6. a3 Bxc3+ 7. Qxc3 Nxc5 8.
b4 Nce4 9. Qb2 {White sidesteps the critical lines with a rare continuation
that has not earned much of a reputation.} d5 10. c5 d4 $5 {An interesting
novelty, though black has also done well after} 11. e3 (11. Nf3 $2 Ng4) 11...
e5 12. Bb5+ Bd7 13. Bxd7+ Qxd7 14. Nf3 Ng4 15. O-O O-O-O 16. exd4 exd4 17. Bd2
Rhe8 18. Rac1 {With a very sharp position.} Ne5 19. Nxe5 Rxe5 20. Bf4 Rd5 21.
b5 Qf5 22. b6 a6 23. Bc7 Re8 24. c6 d3 25. Bg3 Nc5 26. Rfe1 Rxe1+ 27. Rxe1 Ne6
28. h3 d2 29. Rd1 Qe4 30. f3 Qd4+ 31. Qxd4 Nxd4 32. cxb7+ Kxb7 33. Kf2 Nb5 34.
Bf4 Nxa3 35. Rxd2 Rxd2+ 36. Bxd2 Nc4 37. Bc3 f6 38. g4 Nxb6 39. g5 Nd5 40. Ba1
Kc6 41. h4 Kd6 42. gxf6 gxf6 0-1

[Event "Ter Apel"]
[Site "Ter Apel"]
[Date "1995.??.??"]
[Round "5"]
[White "Sokolov, Ivan"]
[Black "Dautov, Rustem"]
[Result "1-0"]
[WhiteElo "2645"]
[BlackElo "2625"]
[Annotator "Dautov,R"]
[PlyCount "129"]
[EventDate "1995.03.??"]
[EventType "tourn"]
[EventRounds "5"]
[EventCountry "NED"]
[EventCategory "16"]
[SourceTitle "CBM 047"]
[Source "ChessBase"]
[SourceDate "1995.08.01"]
[SourceVersion "1"]
[SourceVersionDate "1995.08.01"]
[SourceQuality "1"]

1. d4 {Marin} Nf6 2. c4 e6 3. Nc3 Bb4 4. Qc2 c5 5. dxc5 Na6 6. a3 Qa5 7. Bd2
Nxc5 8. Rd1 Bxc3 9. Bxc3 Qa4 10. Qxa4 Nxa4 11. Be5 (11. Bd4 {Marin}) 11... b6
$1 {N} (11... d5 {Marin} 12. cxd5 exd5 13. e3 Ke7 14. Ne2 Be6 15. Nf4 Rac8 16.
Bb5 Nb6 17. Bc3 a6 18. Bd3 $16 {Sokolov,I-Hoeksema,H Olanda 1994}) 12. f3 Ba6
13. e4 Rc8 14. b3 (14. Nh3 $5 {Marin} O-O (14... Bxc4 15. Bxc4 Rxc4 16. b3 Rc5
17. Bxf6 $18) 15. b3 (15. Bd6 $2 Nxb2 16. Rd2 Nxc4 17. Bxc4 Bxc4 18. Bxf8 Kxf8
$17) (15. Nf2 Rfd8) (15. Be2 d5 $5 $132) 15... Nc5 16. b4 Na4 17. b5 Bb7 18.
Bxf6 gxf6 19. Rxd7 Nc5 20. Rd6 $14 (20. Rd1 a6 $1) 20... Rfd8 21. Rxd8+ Rxd8
22. Nf4 f5 23. exf5 Rd4 24. fxe6 $1 Rxf4 $4 25. e7 $18) 14... Nc5 15. b4 Na4
16. b5 Bb7 17. Bd6 Kd8 $1 18. Nh3 Ne8 19. Bb4 {(/\Ng5, ><f7,h7)} h6 (19... Nc5
$2 20. Ng5 Ke7 21. Nxf7 $1 Kxf7 22. Bxc5 Rxc5 23. Rxd7+ $18) (19... f6 $6 20.
Nf4 {(/\Nxe6#)} Kc7 (20... Nc7 21. Be2 a6 22. Kf2 $16) 21. h4 $14 {/\Kf2, Rd2,
Rhd1+/-} (21. Be2 {Marin /\Kf2, Rd2, Rhd1+/-})) 20. Nf4 a5 $2 (20... Nb2 $1 21.
Rc1 a5 (21... d6 $5 22. Rc2 Na4 $10) 22. Bd2 (22. bxa6 $6 Bxa6 23. c5 Bxf1 24.
Kxf1 d6 $1 (24... Na4 25. Nd3 Nxc5 26. Nxc5 bxc5 27. Bxc5 $14) 25. c6 Na4 {
/\Nc5}) 22... d6 (22... Nd6 $2 23. c5 $16) 23. Be3 Na4 24. h4 Nf6 $10) (20...
a6 {Marin} 21. Be2 Nb2 22. Rd4 (22. Rc1 axb5 $17) 22... axb5 (22... e5 23. Nd5
exd4 $4 24. Be7#) 23. cxb5 e5 24. Nd5 Rc1+ 25. Rd1 (25. Bd1 exd4) 25... Nxd1)
21. bxa6 Bxa6 22. Nd3 $1 {(/\Ne5, ><d7,f7) [#]} d6 (22... f6 $2 23. Nf4 {
(/\Nxe6#)} Kc7 (23... Nc7 {Marin} 24. Ng6 Re8 25. Nf8 d5 26. cxd5 exd5 (26...
Bxf1 27. dxe6+ $18) 27. Bxa6 Nxa6 28. Rxd5+ $16) (23... Rc6 24. Ng6 Rg8 (24...
Rh7 25. Nf8 Rh8 26. Rxd7+) 25. Ne7) 24. Ng6 Rh7 25. Nf8 $18) (22... Bxc4 $4 {
Marin} 23. Ne5 Bxf1 $140 24. Rxd7#) 23. e5 $1 Bxc4 24. exd6 {(/\Ne5)} Bxd3 $8 (
24... f6 {Marin} 25. d7 Kxd7 26. Ne5+ $18) 25. Bxd3 $16 Nf6 (25... Nb2 $2 26.
d7 $1 Nxd3+ (26... Kxd7 27. Bb5+ {(פb2)} Kc7 28. Rd7+ (28. Rc1+ {Marin} Kb8 (
28... Kb7 29. Ba6+ Kxa6 30. Rxc8 Kb7 31. Rd8 Kc7 32. Be7 Nc4 33. Ke2 {/\Rhd1+/-
}) 29. Ke2 $1 (29. Rxc8+ Kxc8 30. Bc3 Nc7 31. Bf1 (31. Be2 Na4 32. Bxg7 Rg8 33.
Bxh6 Rxg2 $132) 31... Na4 32. Bxg7 $16) 29... Nc7 (29... Rxc1 30. Rxc1 Nc7 31.
Bd6 Rc8 32. Rxc7 Rxc7 33. Kd2 $18) 30. Bd6 Rhd8 31. Bxc7+ Rxc7 32. Rxc7 Kxc7
33. Rb1 $18) 28... Kb8 29. O-O $16 (29. O-O f6 $14)) 27. Rxd3 Rc1+ 28. Kd2 Rxh1
29. Be7+ $1 $18 (29. Be7+ $1 Kxe7 30. d8=Q+ Kf8 31. Rd7 $18)) 26. Ba6 $1 Rc2
27. O-O Nc5 (27... Nd5 $2 28. Rc1 Rxc1 29. Rxc1 Nc5 30. Bxc5 bxc5 31. Bb5 $18)
28. Bb5 Kc8 29. Rc1 Rxc1 30. Rxc1 Kb7 31. Bc3 (31. Bxc5 $2 {Marin} bxc5 32.
Rxc5 Kb6 33. Re5 Rd8 $15) 31... Rd8 32. Rd1 (32. Be5 Nh5 33. g4 $2 f6 34. gxh5
fxe5 $10) 32... Ncd7 33. a4 Rc8 34. Bd4 $1 e5 (34... Rc2 $4 {Marin} 35. Bxf6
Nxf6 36. d7) 35. Be3 Rc3 36. Rc1 $1 Rxc1+ (36... Rxe3 37. Rc7+ (37. Kf2 $5 Nd5
(37... Ra3 38. Bxd7) 38. Bc6+ Kb8 39. Bxd5 Rd3 40. Rc7 Nf6 41. Bxf7 Rxd6 42.
Re7 Rd2+ 43. Kg3 Re2 $132) 37... Kb8 38. Bxd7 Rd3 (38... Nd5 $2 39. Rc8+ Kb7
40. Bf5 $18) 39. Bb5 Rxd6 40. Rxf7 g5 41. Re7 Rd5 (41... Rd1+ {Marin} 42. Kf2
Rd2+ 43. Kg3 Nd5 (43... Nh5+ 44. Kg4 Nf4 45. g3 $16) 44. Rxe5 (44. Rd7 Kc8 $5)
44... Nf4 45. Bf1 {(/\h4)} Rd1 46. Kf2 {(/\g3)} Rd2+ 47. Ke1 $16) 42. Re6 $16)
37. Bxc1 Nc5 38. Bb2 Nfd7 39. Kf2 f6 (39... f5 $142) 40. Ke3 $18 g5 41. Ba3 (
41. Bxd7 $5 Nxd7 42. Ke4 Nc5+ (42... Kc6 43. Ba3) 43. Kd5 Nxa4 44. Ba3 Kc8 45.
Ke6 Kd8 46. Kxf6 Kd7 47. Kxe5 $18) 41... f5 42. Kd2 f4 43. Kc3 e4 44. fxe4
Nxe4+ 45. Kd4 Nef6 46. h3 Kc8 (46... h5 47. Bxd7 Nxd7 48. Ke4 $18) (46... Kb8 {
Marin} 47. Bxd7 Nxd7 48. Kd5 $18) 47. Ba6+ Kd8 48. Bb7 Ke8 (48... h5 {Marin}
49. Bc6 g4 (49... Kc8 50. h4 g4 51. Bc1 Nc5 52. a5 Nb3+ 53. Ke5 Nxc1 54. a6 $18
) 50. h4 {/\Bc1} (50. Bc1 f3 51. gxf3 gxh3 $5)) 49. Kc4 Kf7 50. Kb5 Ke6 51. Kc6
Ne5+ 52. Kc7 (52. Kxb6 Nc4+ 53. Kc7 Nxa3 (53... Ne8+ 54. Kc6 Na5+ 55. Kb6 Nc4+
56. Kc5 Nxa3 57. Bc8+ Kf7 58. d7 Ke7 59. dxe8=Q+ Kxe8 60. Bf5 $18) 54. Bc8+ Kd5
55. d7 Nxd7 56. Bxd7 Nc4 57. Bg4 Kc5 58. Be2 Na5 59. Kd7 Kb4 60. Ke6 Kxa4 61.
Kf6 Kb4 62. Kg6 Kc5 63. Kxh6 Kd6 64. Kxg5 Ke5 65. h4 $18) 52... Ne8+ 53. Kxb6
Nxd6 (53... Nc4+ {Marin} 54. Kc5 Nxa3 (54... Nexd6 55. Bd5+) (54... Ncxd6 55.
Bd5+ Kd7 56. a5 $18) 55. Bc8+ Kf7 56. d7 Ke7 57. dxe8=Q+ Kxe8 58. a5 $18) 54.
Bxd6 Kxd6 55. a5 Nc4+ (55... Nd7+ {>=} 56. Kb5 Kc7 57. Bf3 $1 (57. a6 $2 Kb8
58. Kc6 (58. Bf3 Ka7 59. Kc6 Ne5+ 60. Kd5 Nxf3 61. gxf3 Kxa6 62. Ke4 Kb5 $10)
58... f3 $1 59. gxf3 Ne5+ 60. Kd6 Ng6 $10) 57... Ne5 58. Kc5 Kb8 59. Kd5 Ng6
60. Ke6 Nh4 61. Kf6 Ka7 62. Be4 Ka6 63. Kg7 h5 64. Kh6 g4 (64... Nxg2 65. Bxg2
g4 66. h4 f3 67. Bh1 $18) 65. Kxh5 Nxg2 66. Kxg4 $18) 56. Kb5 Nxa5 (56... Na3+
{Marin} 57. Kb4 $1 (57. Ka4 Nc4 58. a6 Kc7 59. Kb4 Nd6 60. Kc3 (60. Kc5 Nxb7+)
60... Kb6 (60... Nxb7 $4 61. a7 $18) 61. Kd4 Nxb7 62. axb7 Kxb7 63. Ke5 Kc6 64.
Kf6 Kd5 65. Kg6 Ke6 66. Kxh6 Kf6 $10) 57... Nc2+ 58. Kc3 Ne3 (58... Na3 59. a6
Nb5+ 60. Kc4 Na7 61. Bf3 $18 {zugzwang}) 59. Kd3 Nf5 (59... Kc7 60. Bf3) (59...
Kc5 60. g3 Kb5 (60... fxg3 {(/\><h8)} 61. Kxe3 h5 62. Kf3 h4 63. Kg4 Kb5 64. a6
g2 65. Bxg2 Kxa6 66. Kxg5 Kb6 67. Kxh4 Kc7 68. Kg5 Kd7 69. Kg6 Ke7 70. Kg7 $18)
61. a6 Kb6 62. gxf4 gxf4 63. Ke4 Ng2 64. Kf3 Nh4+ 65. Kxf4 $18) 60. Ke4 Nh4 61.
a6 Kc7 62. Ke5 Kb6 63. Kf6 Ka7 (63... Nxg2 {(><h8)} 64. Bxg2 Kxa6 65. Kg6 Kb6
66. Kxh6 Kc7 67. Kxg5 Kd8 68. Kf6 Ke8 69. Kg7 $18) 64. Kg7 h5 (64... Nxg2 65.
Bxg2 h5 66. Bb7 g4 67. h4 f3 68. Kh6 $18) 65. Kh6 g4 (65... Nxg2 66. Kxg5) 66.
Kxh5 f3 (66... Nxg2 67. Kxg4) 67. gxf3 (67. Kxh4 $4 f2) 67... g3 68. f4 g2 69.
Bxg2 Nxg2 70. Kg5 Kxa6 71. h4 $18) 57. Kxa5 Kc5 58. Bf3 Kd4 59. Kb5 Ke3 60. Kc4
Kf2 61. Kd4 h5 62. Ke4 Kg3 (62... g4 {Marin} 63. hxg4 hxg4 64. Kxf4) 63. Ke5 g4
64. hxg4 hxg4 65. Ke4 $1 1-0

[Event "Groningen PCA"]
[Site "Groningen"]
[Date "1993.??.??"]
[Round "7"]
[White "Bareev, Evgeny"]
[Black "Yudasin, Leonid"]
[Result "1-0"]
[WhiteElo "2660"]
[BlackElo "2605"]
[Annotator "Dautov,R"]
[PlyCount "81"]
[EventDate "1993.12.??"]
[EventType "swiss"]
[EventRounds "11"]
[EventCountry "NED"]
[SourceTitle "CBM 039"]
[Source "ChessBase"]
[SourceDate "1994.04.01"]
[SourceVersion "1"]
[SourceVersionDate "1994.04.01"]
[SourceQuality "1"]

1. d4 {Bareev Ernst} Nf6 2. c4 e6 3. Nc3 Bb4 4. Qc2 c5 5. dxc5 Qc7 6. Nf3 (6.
a3 {Ernst} Bxc5 7. b4 Be7 8. Nb5 (8. e4 a6 9. f4 d6 10. Bd3 Nbd7 11. Nf3 Nb6
12. Qe2 d5 $1 $10 {Chekhov,V-Petrosian,A/Moscow7op/1991/}) 8... Qc6 9. Nf3 d6 (
9... a6 10. Nfd4 Qb6 11. c5 Qd8 12. Nd6+ Bxd6 13. cxd6 O-O 14. Bb2 Ne8 15. Rd1
Nxd6 16. g3 $44 {Peicheva,V-Bellin,J/Novi Sad olw/1990/}) 10. Nfd4 Qb6 $1 (
10... Qd7 $2 11. Bb2 b6 12. Rd1 Bb7 13. Nf3 $1 $16 {Dorfman,J-Tal,M/Barcelona/
1992/}) 11. Be3 (11. Nb3 a6 12. N5d4 (12. Nc3 Nbd7 13. e3 Qc7 14. Bb2 b6 15.
Be2 Bb7 $10 {Gretarsson,HA-Gipslis,A/Gausdal int/1993/}) 12... Nc6 13. Bb2 Bd7
14. e3 Rc8 $10 {Sherbakov,R-Petrosian,A/EUCup-qual/1991/}) 11... Qd8 12. Nb3 a6
13. Nc3 b6 $10 {Van Riemsdijk,H-Petrosian,A/Groningen op/1990/}) 6... Bxc5 7.
g3 $1 (7. Bg5 {Ernst}) 7... b6 $6 (7... a6 8. Bf4 $1 (8. Bg2 b5 $1 $13) 8... d6
9. Bg2 Nbd7 10. O-O O-O 11. Rad1 h6 12. a3 Nh5 13. Bc1 Nhf6 14. b4 Ba7 15. Qd3
Bb8 16. Bf4 e5 17. Be3 b6 18. Nh4 $16 {Bareev-Razuvaev/Tilburg/1993}) (7... Qb6
$5 8. e3 (8. e4 Ng4 9. Nd1 Nc6 $132) 8... d5 (8... O-O 9. Bg2 Be7 10. O-O Nc6
11. e4 $14) 9. Bg2 (9. cxd5 Nxd5 10. Nxd5 exd5 11. Bg2 Nc6 12. O-O h6 13. Bd2
Be6 14. Rac1 Be7 15. Bc3 $14) 9... dxc4 10. O-O Be7 11. Qa4+ Bd7 12. Qxc4 Bc6
13. e4 Nbd7 $10) 8. Bf4 $1 Qc6 9. Bg2 Bb7 10. O-O O-O 11. e4 $1 $16 Be7 (11...
Nxe4 $4 12. Ne5 $18 (12. Ng5 {Bareev} d5 13. Ngxe4 dxe4 14. Bxe4 Qc8 15. Bxh7+
$16)) (11... d6 12. a3 a5 13. Nh4 $1 {/\e5} e5 (13... Nh5 14. Bd2 $16 {/\g4,e5}
) 14. Bg5 Nbd7 15. Nf5 $16) 12. e5 Nh5 (12... Ne8 {Bareev} 13. Rad1 $16) 13.
Be3 f5 (13... Qxc4 {Ernst} 14. Nd2 (14. Ng5 Bxg5 15. Bxb7 $14) 14... Qc8 15.
Bxb7 Qxb7 16. g4 $16) 14. Ne1 Qc8 15. f4 Bxg2 16. Qxg2 Na6 (16... Nc6 17. Qe2
g6 18. Nf3 $16) 17. Qe2 {!? Bareev} g6 18. Rd1 Rd8 19. Nf3 Nc7 20. Rd3 Ne8 21.
Rfd1 d6 (21... Qxc4 22. Rxd7 Qxe2 23. Nxe2 Kf8 (23... Rxd7 {Ernst} 24. Rxd7 $16
) 24. Nc3 $16) 22. b3 dxe5 23. Rxd8 Bxd8 24. Nxe5 Bf6 $6 {פh5} (24... Nhf6 {>=
} 25. Qf3 Be7 26. Nc6 Kf8 27. Bd4 $5 Qb7 28. Re1 Ng7 29. Kg2 $16) 25. Qf3 Rb8
26. Nb5 (26. Qc6 $1 Bxe5 27. Qxc8 Rxc8 28. fxe5 $18) 26... Bxe5 (26... Rb7 27.
Qc6 Qxc6 28. Nxc6 a6 29. Nbd4 (29. Nba7 {Bareev} h6 30. b4 g5 31. b5 axb5 32.
cxb5 $18) 29... Nhg7 30. Nf3 $16) 27. fxe5 Rb7 28. Nd6 Nxd6 29. Rxd6 $1 {<->d}
(29. exd6 Rd7) 29... Ng7 30. Bg5 (30. Qd1 $5 Kf7 31. Qd4 $16 {/\Qh4}) 30... Kf7
31. Rd8 Qc7 (31... Qc5+ {Bareev} 32. Kg2 $16) 32. Rh8 {! Bareev} Rb8 33. Rxb8 (
33. Rxh7 $2 Kg8 (33... Qxe5 $13 {Ernst}) 34. Rh6 Qxe5 $14) 33... Qxb8 34. Qe3
Qc7 35. Qd4 Ke8 $6 {? Bareev} (35... Ne8 {>=} 36. b4 Kg7 37. h4 $16) (35... Qc5
{Ernst} 36. Qxc5 bxc5 37. Be3 $18) (35... Qc6 $1 {Bareev}) 36. b4 f4 $6 37. g4
$18 b5 38. c5 Qd7 39. Qd6 Qxd6 40. cxd6 Kd7 41. Kf2 1-0

[Event "Groningen PCA"]
[Site "Groningen"]
[Date "1993.??.??"]
[Round "5"]
[White "Bareev, Evgeny"]
[Black "Benjamin, Joel"]
[Result "0-1"]
[WhiteElo "2660"]
[BlackElo "2620"]
[Annotator "Dautov,R"]
[PlyCount "80"]
[EventDate "1993.12.??"]
[EventType "swiss"]
[EventRounds "11"]
[EventCountry "NED"]
[SourceTitle "CBM 039"]
[Source "ChessBase"]
[SourceDate "1994.04.01"]
[SourceVersion "1"]
[SourceVersionDate "1994.04.01"]
[SourceQuality "1"]

1. d4 {Ftacnik} Nf6 2. c4 e6 3. Nc3 Bb4 4. Qc2 c5 5. dxc5 Na6 6. a3 Qa5 7. Bd2
Nxc5 8. b3 (8. Rc1 Bxc3 9. Bxc3 Qa4 $10) (8. f3 Bxc3 9. Bxc3 Qa4 10. Qxa4 Nxa4
11. Bd4 d6 12. O-O-O e5 13. Bf2 Be6 14. e4 Ke7 15. b3 Nc5 $132 {Stohl-Robatsch/
Mitropa Cup/1993}) (8. Nf3 d6 9. Nb5 Bxd2+ 10. Nxd2 Qd8 11. b4 a6 $1 12. Nc3
Ncd7 $10 {Akopian-Goldin/Novosibirsk/1993}) 8... d5 $5 {N} (8... O-O {
Yudasin-Kortschnoi/Pamplona/1990} 9. Ra2 $1 Bxc3 10. Bxc3 Qd8 11. f3 $14 {
Yudasin}) (8... d6 $5 9. Ra2 (9. e4 $2 Ncxe4 $1 10. Nxe4 Bxd2+ 11. Qxd2 Qe5 $19
) 9... Bxc3 10. Bxc3 Qb6 11. Bxf6 gxf6 12. b4 Nd7 $10) 9. Ra2 Bxc3 10. Bxc3 Qb6
11. b4 $2 (11. Bxf6 gxf6 (11... dxc4 {Ftacnik} 12. b4 gxf6 13. bxc5 Qa5+ 14.
Qd2 c3 15. Qc2 e5 16. e4 Be6 17. Ra1 Rc8 18. Bd3 Rxc5 19. Ne2 $14) 12. b4 (12.
cxd5 Qxb3 13. Qxb3 Nxb3 14. e4 Nc5 $15 {@}) 12... Nd7 (12... Ne4 $6 13. c5 Qc7
14. f3 Ng5 15. h4 Qg3+ 16. Kd2 (16. Kd1 Qf2 $17) 16... Qf2 (16... Qf4+ 17. e3
Ne4+ 18. Qxe4 $1 $18) 17. Qc1 $16 (17. Qd1 $18 {Ftacnik})) 13. cxd5 (13. e3 $5)
13... exd5 (13... a5 $5 14. dxe6 Ne5 $44) 14. e3 Ne5 15. Ne2 a5 (15... Be6 16.
Nd4 Rc8 17. Bb5+ Ke7 18. Qd1 $16) 16. b5 (16. Nc3 $5) 16... Qxb5 17. Nd4 Qb6
18. Rb2 Qd8 19. Bb5+ $44) 11... Nce4 12. c5 Qc7 13. Ba1 $2 (13. Bxf6 {>=} Nxf6
14. e3 O-O 15. Nf3 $10) (13. Nf3 $13 {Ftacnik}) 13... Ng4 $1 14. Bxg7 (14. Nh3
Nxh2 15. Bxg7 Rg8 16. Ba1 (16. Bd4 {Ftacnik} Ng4 $17) 16... Nxf1 17. Kxf1 e5
$17 {/\Be6,פh3}) (14. f3 {Ftacnik} Nxh2 15. fxe4 Qg3+) 14... Ngxf2 (14... Rg8
15. Bd4 e5 16. h3 (16. Be3 Bf5 17. Qa4+ Bd7 18. Qc2 f5 $17) 16... exd4 17. hxg4
Bxg4 18. Rxh7 (18. Nf3 Bxf3 19. exf3 Nc3 $17 {/\0-0-0}) 18... Bf5 19. Rh5 Bg6
$17) 15. Bxh8 Nxh1 16. Nf3 f6 $17 17. e3 (17. g4 {Ftacnik} Nhf2 18. g5 fxg5 $17
) 17... Kf7 18. g4 $1 (18. Bd3 Nhf2 19. Bxe4 Nxe4 20. Nd2 Bd7 $19) (18. Nd2
Nhf2 19. Nxe4 Nxe4 $19) 18... Bd7 19. Bxf6 Kxf6 (19... Nxf6 $2 20. Bg2) 20.
Qb2+ (20. Qg2 {Ftacnik} a5 21. Qxh1 axb4) 20... Kf7 21. Qd4 Kg8 (21... b6 $5
22. Bg2 Nhf2 23. Rxf2 Nxf2 24. Kxf2 bxc5 25. bxc5 Kg8 26. Ne5 Rf8+ 27. Kg1 Bb5
$17) 22. Bg2 Nhf2 23. Rxf2 Nxf2 24. Kxf2 Rf8 25. Kg1 Bb5 26. Ng5 Re8 (26... Qe7
$2 27. Nxe6 $1) 27. Nf3 (27. Bxd5 $5 {Ftacnik} exd5 28. Qxd5+ Kg7 (28... Kh8
29. Nf7+ Kg7 30. Nd6 $132) 29. Qf5 Qd7 $1 (29... Kh8 30. Nf7+) 30. Qxh7+ Kf6
31. Qh6+ Ke5 $19) 27... Qf7 28. e4 $6 (28. Ne5 Qf6 29. Nf3 Qg6 (29... Qxd4 30.
Nxd4 Bc4 $17) 30. h3 Rf8 31. Kh2 $17) 28... dxe4 29. Qxe4 (29. Ne5 $2 Qf4 30.
Qxe4 Qc1+ 31. Kf2 Qxa3 $19) (29. Ng5 {Ftacnik} Qf4 30. Nxe4 Qc1+ 31. Kf2 Rf8+
32. Kg3 Qf4+ 33. Kh3 Bc6) 29... Bc6 30. Qe3 Qf6 (30... e5 $1 31. Ng5 (31. Nxe5
$2 Bxg2 $19) (31. Qg5+ Qg7 $19) 31... Qf4 32. Qb3+ Kh8 $19) 31. Ne5 $1 Rf8 32.
h3 (32. Nxc6 $2 {Ftacnik} Qa1+) 32... Bxg2 (32... Bd5 $142 $1) 33. Kxg2 Qf4 34.
Qxf4 $2 (34. Qe2 {>=} Qd4 (34... Rd8 35. Nc4 (35. Nf3 {Ftacnik} e5 $5 36. Qxe5
Rd2+ 37. Kg1 Qxe5 38. Nxe5 Ra2 $19) 35... e5 36. Nd6 $17) 35. Nc4 Qd5+ 36. Kg3
$17 {/\Nd6}) 34... Rxf4 $19 {/\Re4} 35. c6 bxc6 36. Nxc6 a6 37. Nd8 (37. Nb8 a5
38. bxa5 Ra4 39. Nc6 Rxa3 $19) 37... e5 38. Nc6 e4 39. Ne7+ Kf7 40. Nf5 Ke6 {
/\Ke5,Rf3} 0-1